[Event "Manizales Feria op 29th"]
[White "Urrego Bustamante, Juan Felipe"]
[Black "Zapata Sanchez, Juan Jose"]
[Site "Manizales"]
[Round "5"]
[Result "0-1"]
[Date "2024.01.07"]
[WhiteElo "1615"]
[BlackElo "1576"]
[PlyCount "100"]
[EventDate "2024.01.05"]
[EventType "swiss"]
[EventRounds "7"]
[EventCountry "COL"]
[SourceTitle "CBM 218 Extra"]
[Source "ChessBase"]
[SourceDate "2024.03.31"]
[SourceVersion "1"]
[SourceVersionDate "2024.03.31"]
[SourceQuality "1"]

1. d4 d5 2. Bf4 Bf5 3. Nf3 e6 4. e3 Bd6 5. Bg3 Nf6 6. Ne5 0-0 7. Bd3 Bg6 8. 0-0 c5 9. c3 Qc7 10. b4 c4 11. Bxg6 hxg6 12. Nd2 Nh5 13. Ndf3 Nxg3 14. fxg3 Nc6 15. Nxc6 Qxc6 16. a4 a6 17. a5 Qc7 18. Ng5 Be7 19. Qg4 Bf6 20. e4 Rae8 21. e5 Bxg5 22. Qxg5 Qe7 23. Qe3 f5 24. exf6 gxf6 25. Rf4 e5 26. dxe5 Qxe5 27. Qc5 Qe3+ 28. Kf1 Qxc5 29. bxc5 Rc8 30. Rb1 Rf7 31. Rb6 Kg7 32. Rd6 Rxc5 33. Rd4 Rxa5 34. R6xd5 Rxd5 35. Rxd5 Re7 36. g4 b5 37. g5 fxg5 38. Rxg5 Rd7 39. Ke2 Rd3 40. Rc5 Rxc3 41. Rc7+ Kh6 42. Rc6 a5 43. Rc5 Rb3 44. Kd2 a4 45. Kc2 a3 46. g4 a2 47. g5+ Kh5 48. h4 a1Q 49. Kd2 Qa2+ 50. Kc1 Rb1# 0-1